000 01018nam0a2200301 4500
001 RU\NLR\bibl\466446
005 20250623185217.0
010 _a5-352-00512-7
_910000
021 _aRU
_b2003-55790
_92713
021 _aRU
_b2003-69862
_93454
035 _a(NLR Aleph) 000459783
090 _a926495
_c926495
100 _a20031128d2003 |||y0rusy50 ca
101 1 _arus
_ccze
102 _aRU
105 _ay |||||||||
200 1 _aКнига смеха и забвения
_e[Роман]
_fМилан Кундера
_g[Пер. с чеш. Нины Шульгиной]
210 _aСПб.
_cАзбука-классика
_d2003
215 _a329, [1] с.
_d19
320 _aДр. романы авт. на обороте тит.л. и на 4-й с. обл.
686 _aШ6(4Че)177-440.4{Лх1149-50}
700 1 _aКундера
_bМ.
_gМилан
_4070
801 0 _aRU
_bNLR
_c20031128
_gPSBO
801 1 _aRU
_bNLR
_c20031128
942 _cBOOK
980 _aNB